000 00674nam a2200289Ia 4500
005 20260324135042.0
008 008 260324s9999 xx 000 0 eng d
020 _a9780203453155
037 _aEBOOK
040 _aCRL
040 _beng
040 _cCRL
041 _2eng
041 _aeng
084 _qCRL
100 _aPeter G. Mandaville
_91199149
245 0 _aTransnational Muslim Politics
245 0 _bReimagining the Umma
260 _bTaylor and Francis
260 _c2001
365 _a
365 _b280
856 _uhttp://www.taylorfrancis.com/books/9780203453155
942 _cEBOOK
999 _c1799840
_d1799840